| 000 | 01095nam a2200253 a 4500 | ||
|---|---|---|---|
| 001 | 64692 | ||
| 003 | BD-RjUL | ||
| 005 | 20211209081333.0 | ||
| 008 | 170219s1988 bg ||||| |||| 00| p ben d | ||
| 020 | _c: Tk. 50.00 | ||
| 035 | _a(BD-RjUL)64822 | ||
| 040 |
_aBD-RjUL _beng _cBD-RjUL |
||
| 041 | _aben | ||
| 082 |
_223 _a891.44108 _bCHA 1988 |
||
| 100 | 1 |
_aচৌধুরী, আশুতোষ _9186143 |
|
| 245 | 1 | 0 |
_aআশুতোষ চৌধুরীর রচনা ও সংগ্রহ-সম্ভার / _cআশুতোষ চৌধুরী ; সম্পাদনা মোমেন চৌধুরী |
| 260 |
_aঢাকা : _bবাংলা একাডেমী, _c১৯৮৮ |
||
| 300 |
_a[১৯], ২০০ পৃ. : _bচিত্র ; _c২৩ সেমি. |
||
| 504 | _aগ্রন্থপঞ্জি সংযুক্ত | ||
| 650 |
_aবাংলা কবিতা _xসংগ্রহ _9189026 |
||
| 650 |
_aBenglai Poetry _xCollection _9191799 |
||
| 700 |
_aচৌধুরী, মোমেন, সম্পাদক _9179244 |
||
| 942 |
_2ddc _cBK |
||
| 999 |
_c64692 _d64692 |
||